| 000 | 00678nam a2200241 i 4500 | ||
|---|---|---|---|
| 001 | 41929 | ||
| 003 | ES-MaACL | ||
| 005 | 20251003151813.0 | ||
| 007 | t| | ||
| 008 | 030312s1982 sp ||||1| spa d | ||
| 020 | _a84-85741-15-3 | ||
| 100 | 1 |
_aCasas, Quim. _936208 |
|
| 245 | 1 | 0 |
_aRaoul Walsh / _cQuim Casas. |
| 260 |
_a[Madrid] : _bEdiciones JC, _c[1982] |
||
| 300 |
_a159 p. ; _c19 cm. |
||
| 490 | 1 |
_aDirectores de cine ; _v11 |
|
| 504 | _aBibliografĂa: p. 139-140. | ||
| 504 | _aFilmografĂa: p. 141-159. | ||
| 600 | 1 | 4 |
_aWalsh, Raoul, _d1887-1980 _9171037 |
| 830 | 1 |
_aDirectores de cine ; _v11 _9181872 |
|
| 852 |
_aES-MaACL _jL-6609 |
||
| 999 |
_c41929 _d41929 |
||